TEACHING IN COMMON (Record no. 21593)

MARC details
000 -LEADER
fixed length control field 00386nam a22001697a 4500
003 - CONTROL NUMBER IDENTIFIER
control field OSt
005 - DATE AND TIME OF LATEST TRANSACTION
control field 20211207094441.0
008 - FIXED-LENGTH DATA ELEMENTS--GENERAL INFORMATION
fixed length control field 211207b |||||||| |||| 00| 0 eng d
020 ## - INTERNATIONAL STANDARD BOOK NUMBER
International Standard Book Number 0807737631
040 ## - CATALOGING SOURCE
Transcribing agency HU
082 ## - DEWEY DECIMAL CLASSIFICATION NUMBER
Classification number 371.395/DIP
100 ## - MAIN ENTRY--PERSONAL NAME
Personal name ANNE DIPARDO
9 (RLIN) 21927
245 ## - TITLE STATEMENT
Title TEACHING IN COMMON
260 ## - PUBLICATION, DISTRIBUTION, ETC.
Place of publication, distribution, etc. AMERICA
Name of publisher, distributor, etc. NCTE
Date of publication, distribution, etc. 1999
300 ## - PHYSICAL DESCRIPTION
Extent 183P
942 ## - ADDED ENTRY ELEMENTS (KOHA)
Source of classification or shelving scheme Dewey Decimal Classification
Koha item type Books like text book referance book
Suppress in OPAC No
Holdings
Withdrawn status Lost status Source of classification or shelving scheme Damaged status Not for loan Home library Current library Shelving location Date acquired Total Checkouts Full call number Barcode Date last seen Copy number Price effective from Koha item type
    Dewey Decimal Classification     Social Library Social Library General Stacks 12/07/2021   371.395/DIP SHLIB00003776 12/07/2021 1 12/07/2021 Books like text book referance book
    Dewey Decimal Classification     Social Library Social Library General Stacks 12/07/2021   371.395/DIP SHLIB00003777 12/07/2021 2 12/07/2021 Books like text book referance book
    Dewey Decimal Classification     Social Library Social Library General Stacks 12/07/2021   371.395/DIP SHLIB00003778 12/07/2021 3 12/07/2021 Books like text book referance book